000 02128nam a2200613 i 4500
001 25833
003 KOSZ 005
005 20240405063039.0
008 200724s1973 pl a f 001 0 pol
015 _aUWD 1973/4667
035 _a991033350889705066
035 _a(PL-WaBN)b18932794-48omnis_nlop
035 _ab18932794
035 _a(OCoLC)839010909
035 _a(PL)b0000001893279
035 _a(EXLNZ-48OMNIS_NETWORK)9910293209505606
040 _aWA N
_cWA N
_dKOSZ 005/RW
041 0 _apol
_beng
_brus
045 _bd1230
_bd1939
046 _k1973
080 _a159.9.01(438)
100 1 _aBobrowska-Nowak, Wanda
_d(1925-2003)
_eAutor
245 1 0 _aPoczątki polskiej psychologii /
_cWanda Bobrowska-Nowak ; Polska Akademia Nauk. Zakład Historii Nauki i Techniki.
260 _aWrocław :
_bZakład Narodowy im. Ossolińskich. Wydawnictwo PAN,
_c1973.
300 _a207 stron, [18] kart tablic :
_bilustracje ;
_c24 cm.
336 _aTekst
_btxt
_2rdacontent
337 _aBez urządzenia pośredniczącego
_bn
_2rdamedia
338 _aWolumin
_bnc
_2rdacarrier
380 _aKsiążki
380 _aPublikacje naukowe
388 1 _a1901-2000
388 1 _a1945-1989
490 1 _aMonografie z Dziejów Nauki i Techniki ;
_vt. 85
504 _aBibliografia na stronach [170]-186. Indeks.
546 _aStreszczenie w języku angielskim, rosyjskim.
648 7 _a1201-1300
648 7 _a1301-1400
648 7 _a1401-1500
648 7 _a1501-1600
648 7 _a1601-1700
648 7 _a1701-1800
648 7 _a1801-1900
648 7 _a1901-2000
650 7 _aPsychologia
_2DBN
651 7 _aPolska
_2DBN
655 7 _aMonografia
658 _aHistoria
658 _aNauka i badania
710 2 _aZakład Narodowy im. Ossolińskich
_bWydawnictwo PAN
_4pbl
830 0 _aMonografie z Dziejów Nauki i Techniki
_vt. 85
856 _uhttp://koha.tu.koszalin.pl/cgi-bin/koha/opac-detail.pl?biblionumber=25833
_yKatalog online BPK
942 _2UKD
_cKS
999 _c25833
_d25833